Bones of the head - Statistics

General Stats
  • This quiz has been taken 960 times
  • The average score is 10 of 17
Answers on the Map
Answers color-coded by a green-red scale on the quiz's map according to % correct below.
 
Answer Stats
Group Answer % Correct
G1 Frontal bone
90%
G3 Mandible
89%
G3 Maxilla (2)
84%
G3 Zygomatic bones (2)
79%
G3 Nasal bones (2)
78%
G1 Occipital bone
78%
G1 Temporal bones (2)
77%
G1 Parietal bones (2)
72%
G1 Sphenoid bone
59%
G1 Ethmoid
51%
G3 Lacrimal bones (2)
48%
G3 Vomer
38%
G2 Stapes (2)
30%
G2 Incus (2)
29%
G2 Malleus (2)
28%
G3 Palatine bones (2)
27%
G3 Inferior nasal conchae (2)
15%
No matching quizzes found
Score Distribution
Percent of People with Each Score
Percentile by Number Answered
Your Score History
You have not taken this quiz